Giáo trình lập trình cho thiết bị di động

Nội dung tài liệu trình bày tổng quan về lập trình thiết bị di động, phát triển ứng dụng trên nền tảng Android, giao diện người dùng, lưu trữ dữ liệu và lập trình mạng với Android

Đã lưu trong:
書目詳細資料
主要作者: Ngô, Bá Hùng
格式: 圖書
語言:Undetermined
出版: Cần Thơ Nxb. Đại học Cần Thơ 2016
主題:
標簽: 添加標簽
沒有標簽, 成為第一個標記此記錄!
Thư viện lưu trữ: Trung tâm Học liệu Trường Đại học Cần Thơ
LEADER 00975nam a2200205Ia 4500
001 CTU_208831
008 210402s9999 xx 000 0 und d
020 |c 60000 
082 |a 005.1 
082 |b H513 
100 |a Ngô, Bá Hùng 
245 0 |a Giáo trình lập trình cho thiết bị di động 
245 0 |c Ngô Bá Hùng, Đoàn Hòa Minh 
260 |a Cần Thơ 
260 |b Nxb. Đại học Cần Thơ 
260 |c 2016 
520 |a Nội dung tài liệu trình bày tổng quan về lập trình thiết bị di động, phát triển ứng dụng trên nền tảng Android, giao diện người dùng, lưu trữ dữ liệu và lập trình mạng với Android 
650 |a Mobile communication systems,Hệ thống thông tin di động,Computer programs,Chương trình máy tính 
904 |i Tuyến 
980 |a Trung tâm Học liệu Trường Đại học Cần Thơ